000 00379nam a2200133Ia 4500
008 151001s9999||||xx |||||||||||||| ||und||
100 _aएस पाल धवन कांता
245 _aरंगो की महिमा
250 _a1
260 _bचिल्ड्रन बुक ट्रस्ट
260 _c2002
300 _a16
365 _b21
999 _c980946
_d980943